000 00673nam a2200217 a 4500
008 951213s1962||||[C 0 slo c
020 _c12,50
040 _aSNK
_bslo
_cSNK
_eAACR2
041 1 _acze
_heng
044 _aCZ
080 _a820 (94)-3
100 1 _aLambert, Eric
_4aut
245 1 0 _aVeteráni
_cEric Lambert ; Šarlota Barániková, Dušan Slobodník, Dušan Kállay
260 _aPraha
_bNaše vojsko
_aS.l.
_b,t. [vyd.]
_c1962
_eBratislava
_fSvornosť
300 _c21 cm
500 _aRozlož. tit. list. Brož. 13,80 Kčs.
700 1 _aBarániková, Šarlota
_4trl
700 1 _aSlobodník, Dušan
_4[ADC]
700 1 _aKállay, Dušan
_4bkd
958 _aA
999 _c11246
_d11246